| Tag |
First Indicator |
Second Indicator |
Subfields |
| LEADER |
00000cam a2200000 4500 |
| 001 |
in00000054555 |
| 005 |
20151008052046.0 |
| 008 |
711201s1966 nyu b 00000 eng u |
| 010 |
|
|
|a 66010993
|
| 035 |
|
|
|a (OCoLC)00177061
|
| 035 |
|
|
|9 AAH1458AM
|
| 040 |
|
|
|c WSU
|d TXA
|d UtOrBLW
|
| 049 |
|
|
|a TXAM
|c [424808]
|
| 050 |
|
0 |
|a LB875
|b .D4
|
| 090 |
|
|
|a LB875
|b .D3947
|
| 092 |
|
|
|a 370.1
|b D519, 1966
|
| 100 |
1 |
|
|a Dewey, John,
|d 1859-1952.
|
| 245 |
1 |
0 |
|a Lectures in the philosophy of education :
|b 1899 /
|c Edited and with an intro. by Reginald D. Archambault.
|
| 264 |
|
1 |
|a New York :
|b Random House,
|c [1966]
|
| 300 |
|
|
|a 366 pages
|
| 336 |
|
|
|a text
|b txt
|2 rdacontent
|
| 337 |
|
|
|a unmediated
|b n
|2 rdamedia
|
| 338 |
|
|
|a volume
|b nc
|2 rdacarrier
|
| 504 |
|
|
|a Includes bibliographies.
|
| 650 |
|
0 |
|a Education
|x Philosophy.
|
| 700 |
1 |
|
|a Archambault, Reginald D.
|
| 710 |
2 |
|
|a University of Chicago.
|
| 999 |
|
|
|a MARS
|
| 999 |
f |
f |
|s 00d40598-71e7-3d31-a161-f11a06dc97c7
|i eaccf1a2-6746-3dc4-876e-995ff20c6bf8
|t 0
|
| 952 |
f |
f |
|p normal
|a Texas A&M University
|b College Station
|c Sterling C. Evans Library
|d Evans: Library Stacks
|t 0
|e LB875 .D3947
|h Library of Congress classification
|i unmediated -- volume
|m A14800818264
|
| 998 |
f |
f |
|a LB875 .D3947
|t 0
|l Evans: Library Stacks
|